China Pakistan Relation 1947-1980 (Record no. 62440)

000 -LEADER
fixed length control field 00496nam a22001937a 4500
003 - CONTROL NUMBER IDENTIFIER
control field NUST - PNEC
005 - DATE AND TIME OF LATEST TRANSACTION
control field 20170116180748.0
008 - FIXED-LENGTH DATA ELEMENTS--GENERAL INFORMATION
fixed length control field 150226b xxu||||| |||| 00| 0 eng d
020 ## - INTERNATIONAL STANDARD BOOK NUMBER
International Standard Book Number -
040 ## - CATALOGING SOURCE
Transcribing agency LIBRARY
082 ## - DEWEY DECIMAL CLASSIFICATION NUMBER
Classification number 327.5491051 ARI
100 ## - MAIN ENTRY--PERSONAL NAME
9 (RLIN) 1510
Personal name Arif K.
245 ## - TITLE STATEMENT
Title China Pakistan Relation 1947-1980
Statement of responsibility, etc. K. Arif
250 ## - EDITION STATEMENT
Edition statement -
260 ## - PUBLICATION, DISTRIBUTION, ETC.
Place of publication, distribution, etc. Lahore
Name of publisher, distributor, etc. Vanguard Books LTD
Date of publication, distribution, etc. c1984.
300 ## - PHYSICAL DESCRIPTION
Extent 300 p. :
650 ## - SUBJECT ADDED ENTRY--TOPICAL TERM
9 (RLIN) 1511
Topical term or geographic name entry element International Relations
General subdivision Generals
942 ## - ADDED ENTRY ELEMENTS (KOHA)
Source of classification or shelving scheme
Koha item type Book
Holdings
Withdrawn status Lost status Source of classification or shelving scheme Damaged status Not for loan Permanent Location Current Location Shelving location Date acquired Source of acquisition Cost, normal purchase price Total Checkouts Full call number Barcode Date last seen Cost, replacement price Price effective from Koha item type
          Pakistan Navy Engineering College (PNEC) Pakistan Navy Engineering College (PNEC)   10/26/2015 M/S Sasi Book Store 200.00   327.5491051 ARI PNECLIB-006395 02/26/2015 200.00 11/13/1991 Book
© 2023 Central Library, National University of Sciences and Technology. All Rights Reserved.